[Event "Politiken Cup 18th"]
[Site "Copenhagen"]
[Date "1996.??.??"]
[Round "6"]
[White "Akesson, Ralf"]
[Black "Kortschnoj, Viktor Lvovich"]
[Result "1/2-1/2"]
[WhiteElo "2505"]
[BlackElo "2645"]
[Annotator "Chekhov,V"]
[PlyCount "62"]
[EventDate "1996.06.??"]
[EventType "swiss"]
[EventRounds "11"]
[EventCountry "DEN"]
[SourceTitle "CBM 054"]
[Source "ChessBase"]
[SourceDate "1996.10.01"]
[SourceVersion "1"]
[SourceVersionDate "1996.10.01"]
[SourceQuality "1"]

1. Nf3 d5 2. d4 Nf6 3. c4 dxc4 4. e3 e6 5. Bxc4 c5 6. O-O a6 7. b3 $5 (7. a4 $5
) 7... cxd4 (7... Nc6 8. Bb2 cxd4 9. Nxd4 Nxd4 10. Bxd4 Bd7 11. Nd2 Bc6 12. Nf3
Be7 13. Qe2 O-O 14. Ne5 Bd5 15. Rad1 Qa5 16. Bxd5 Nxd5 17. Nc4 $14 {Kiselev,
S-Kharlov,A/Pinsk/1993/0|1/61/}) (7... b5 8. Be2 Bb7 9. Bb2 Nbd7 10. a4 $14) 8.
Nxd4 Bd6 9. Bb2 O-O (9... Qe7 $6 10. Bd3 O-O 11. Nd2 Rd8 12. Qe2 Nbd7 13. Nc4
Bc5 14. Rac1 e5 15. Nf5 Qe6 $14 {Maiwald,J-Dao,T/Budapest/1993/1|0/51/}) 10.
Nd2 (10. Be2 $6 Qc7 11. Nf3 e5 12. Ba3 Bxa3 13. Nxa3 Nc6 14. Qc2 Bg4 15. Rfd1
Rac8 16. Qb2 e4 $17 {Nikolic,P-Ivanchuk,V/Moscow/1995/0|1/25/}) 10... e5 $5 (
10... Bc7 $5 11. Rc1 (11. f4 $5 e5 12. fxe5 Bxe5 13. N2f3 Bd6 14. Qc2 Ng4 15.
Rae1 b5 16. Bd3 g6 17. h3 Ne5 18. Nxe5 Bxe5 19. Be4 Ra7 20. Nxb5 $1 $18 {
Raetsky,A-Blauert,J/Bern/1995/1|0/31/}) 11... Qd6 12. f4 b5 13. Bd3 Bb7 14. Qc2
Bb6 15. Ne4 Bxe4 16. Bxe4 Ra7 17. Bf3 Rc7 18. Qe2 $14 {Miles,A-Ivanchuk,V/
Moscow/1990/0,5/27/}) 11. N4f3 Qe7 (11... Nc6 $5 12. Qc2 (12. Ng5 Bf5 $10)
12... Bg4 13. Ng5 Bh5 $10) 12. Ng5 Bf5 (12... Nc6 13. Nde4 Nxe4 14. Nxe4 Bc7
15. a4 Rd8 16. Qf3 $36) 13. Qf3 Bg6 14. Nde4 (14. Nge4 Nbd7 $10) 14... Nbd7 (
14... Nxe4 15. Nxe4 Ba3 16. Bxa3 Qxa3 17. Nf6+ gxf6 18. Qxb7 $16) 15. Nxd6 (15.
Rad1 $2 Bh5 $19) 15... Qxd6 16. Qxb7 (16. Rfd1 $5) 16... Rfb8 17. Rad1 Qc5 18.
Qf3 (18. Rxd7 $5 Rxb7 19. Rxb7 Qc6 $6 (19... Rf8 $1 20. Rc1 (20. Rd1 h6 21. Nf3
Be4 22. Rxf7 Rxf7 23. Nxe5 Bd5 $15) 20... Qd6 21. Ra7 $13) 20. Re7 Kf8 (20...
e4 21. Nxf7 Kf8 22. Ne5 $16) 21. Rxe5 $16 (21. Ba3 $5 $36)) 18... Nb6 19. Rc1
Nxc4 20. Rxc4 Qe7 21. Qe2 (21. Rfc1 $5 h6 22. Nh3 Rd8 $44) 21... Rd8 22. e4 Nh5
23. Nh3 (23. Nf3 Nf4 24. Qc2 f6 $44) 23... Rd7 24. Rfc1 Rad8 25. Rc8 h6 26.
Rxd8+ Qxd8 (26... Rxd8 27. Rc2 Qd6 28. f3 Qb6+ 29. Nf2 Nf4 30. Qf1 Nd3 31. Rd2
Nxf2 32. Rxd8+ Qxd8 33. Kxf2 $16) 27. Bxe5 Rd2 28. Rc8 (28. Qxa6 Bxe4 29. Bc3
Rd1+ 30. Rxd1 Qxd1+ 31. Qf1 Qc2 32. Qe1 Bf5 $44) 28... Qxc8 29. Qxd2 Bxe4 30.
Qc3 Qf5 (30... Qxc3 31. Bxc3 g5 32. f3 Bb1 33. a3 Bc2 34. b4 Kh7 35. g4 $16)
31. Bg3 (31. f3 Bxf3 $1 32. gxf3 Qxh3 $13) 31... Bd5 $146 1/2-1/2

[Event "Beersheba g/30'"]
[Site "Beersheba"]
[Date "2004.04.18"]
[Round "1"]
[White "Greenfeld, Alon"]
[Black "Kortschnoj, Viktor Lvovich"]
[Result "1-0"]
[WhiteElo "2551"]
[BlackElo "2579"]
[Annotator "Huzman,A"]
[PlyCount "47"]
[EventDate "2004.04.18"]
[EventType "tourn (rapid)"]
[EventRounds "11"]
[EventCountry "ISR"]
[EventCategory "12"]
[SourceTitle "CBM 101"]
[Source "ChessBase"]
[SourceDate "2004.07.27"]
[SourceVersion "1"]
[SourceVersionDate "2004.07.27"]
[SourceQuality "1"]

1. d4 d5 2. c4 dxc4 3. Nf3 e6 4. e3 a6 5. Bxc4 b5 6. Bd3 Bb7 7. a4 b4 8. Nbd2
c5 9. O-O Nf6 10. e4 cxd4 11. e5 Nfd7 12. Ne4 (12. Nb3 Nc6 13. Bf4 Be7 14. Qe2
g5 {1/2-1/2 Johannessen,L-Nguyen Anh Dung/Istanbul 2000/EXT 2001 (14)}) 12...
Nc5 $6 (12... Nc6 13. Bf4 (13. Bg5 Qa5 $132 {[%csl Re5]}) 13... Be7 $13) 13.
Nxc5 Bxc5 14. Bg5 Qd7 (14... Be7 $5 15. Bxe7 Qxe7 16. Nxd4 Qg5 17. Nf3 Qf4 $132
) 15. Nd2 $1 $44 h6 16. Ne4 Bxe4 {After this move Black has no counterplay} ({
that could be provided by} 16... Qd5 $1 17. Bh4 (17. Bf6 Kf8 18. Bh4 Nd7 19.
Rc1 Bb6 20. f4 Nc5 $132) (17. Rc1 Nd7) 17... Nd7 (17... Qxe5 18. Re1 Qd5 19.
Rc1 Nd7 20. Bc4 Qc6 21. Bf1 Qd5 22. Qg4 (22. Bc4 $11) 22... Kf8 23. Nxc5 Nxc5
24. Rc4 e5 25. Rxb4 $13)) 17. Bxe4 Ra7 18. Bf4 Rc7 (18... O-O 19. Qg4 Kh8 20.
Qh5 Kg8 21. Rfd1 $40 {[%cal Gd1d3,Gd3g3]}) 19. Rc1 (19. Qg4 g5 20. Bg3 $5 Qe7
21. f4 h5 22. Qxg5 Qxg5 23. fxg5 $36 {[%cal Gg5g6]}) 19... Qe7 20. Qg4 g5 (
20... g6 21. Rfd1 g5 22. Bd2 Nd7 23. Qg3 a5 24. f4 $44) 21. Bd2 Nd7 22. Bxb4 (
22. Qg3 $5 a5 23. f4 $44) (22. f4 gxf4 23. Bxf4 $44) 22... Nxe5 23. Qg3 Qd6 $2
{[%mdl 8192]} (23... Bd6 $8 24. Bxd6 (24. f4 Bxb4 25. fxe5 Bd2) 24... Qxd6 25.
Rxc7 Qxc7 26. Bd3 (26. f4 Nd7 27. Qd3 Qd6) 26... a5 27. Re1 f6 28. Bb5+ Ke7 29.
f4 $1 gxf4 30. Qxf4 d3 31. Rf1 Qc5+ 32. Kh1 $44) 24. Ba5 $1 (24. Ba5 Rd7 25. b4
$18) 1-0

[Event "Beersheba"]
[Site "Beersheba"]
[Date "1990.??.??"]
[Round "6"]
[White "Kortschnoj, Viktor Lvovich"]
[Black "Ftacnik, Lubomir"]
[Result "1/2-1/2"]
[WhiteElo "2625"]
[BlackElo "2560"]
[Annotator "Ftacnik,L"]
[PlyCount "83"]
[EventDate "1990.03.??"]
[EventType "tourn"]
[EventRounds "9"]
[EventCountry "ISR"]
[EventCategory "13"]
[SourceTitle "CBM 017"]
[Source "ChessBase"]
[SourceDate "1990.08.01"]
[SourceVersion "1"]
[SourceVersionDate "1990.08.01"]
[SourceQuality "1"]

1. d4 Nf6 2. c4 g6 3. Nc3 d5 4. cxd5 Nxd5 5. e4 Nxc3 6. bxc3 Bg7 7. Bc4 O-O 8.
Be3 Nc6 9. Nf3 e5 $5 (9... Na5 10. Be2 c5 11. Rc1 cxd4 12. cxd4 b6 13. O-O Bb7
14. d5 $14 {Knaak,R-Uhlmann,W/Halle/1976/}) 10. Rc1 Bg4 11. d5 Na5 12. Be2 (12.
Bd3 f5 $5) 12... Bxf3 13. Bxf3 Nc4 14. Bc5 Re8 15. Qb3 (15. Qd3 $6 b5 $1) 15...
Bh6 16. Rd1 b6 $6 (16... Na5 $5 17. Qa4 b6 18. Ba3 Bf8 $13) (16... Nd6 17. Bxd6
Qxd6 18. Qxb7 Reb8 19. Qc6 Qxc6 20. dxc6 Rb6 $10) 17. Qxc4 bxc5 18. Qxc5 Qd6
19. Qa5 (19. Qxd6 cxd6 20. Ke2 $1 {/\ Kd3,Rb1,Bg4+/-, Korchnoi}) 19... Reb8 20.
O-O Rb6 $6 (20... Rb2 $1 21. Rb1 Qb6 22. Qxb6 Rxb6 23. Rb3 Rab8 24. Bd1 $14)
21. Be2 Bf8 22. Bc4 Qc5 23. Qxc5 (23. Qa4 Rb2 $132) 23... Bxc5 24. Rd2 Rab8 25.
Bb3 Rf6 26. g3 Rf3 27. Rc1 (27. Rc2 Rb6 28. Kg2 Rbf6 29. Ba4 h5 30. Bd7 Kf8 31.
Bf5 Rd3) 27... Ba3 (27... Rb6 28. Kg2 Rbf6 29. Rcc2 Kf8 30. Bc4 $16) 28. Rcc2
g5 29. Kg2 Rf6 30. Rd3 Bc5 31. Rf3 Rbb6 32. Rxf6 (32. Rf5 $5 Rxf5 33. exf5 Rf6
34. g4 h5 35. h3 {/\ Kf3-e4}) 32... Rxf6 33. Ba4 Ra6 (33... Rb6) 34. Bb5 Rb6
35. a4 Kg7 36. c4 $6 (36. Rd2 {/\ Rd3-f3}) 36... a6 $1 37. a5 Rb8 38. Bxa6 Ra8
39. Bb5 Rxa5 40. h4 gxh4 41. gxh4 Ra3 42. h5 {Ftacnik,L} 1/2-1/2

[Event "Barcelona"]
[Site "Barcelona"]
[Date "1992.05.??"]
[Round "6"]
[White "Kortschnoj, Viktor Lvovich"]
[Black "Lautier, Joel"]
[Result "1/2-1/2"]
[WhiteElo "2585"]
[BlackElo "2580"]
[Annotator "Dautov,R"]
[PlyCount "47"]
[EventDate "1992.05.??"]
[EventType "tourn"]
[EventRounds "11"]
[EventCountry "ESP"]
[EventCategory "13"]
[SourceTitle "CBM 030"]
[Source "ChessBase"]
[SourceDate "1992.10.01"]
[SourceVersion "1"]
[SourceVersionDate "1992.10.01"]
[SourceQuality "1"]

1. Nf3 Nf6 2. c4 c5 3. Nc3 e6 4. g3 Nc6 5. Bg2 d5 6. cxd5 Nxd5 7. O-O Be7 8. d4
O-O 9. Nxd5 exd5 10. dxc5 Bxc5 11. Bg5 Qb6 12. Rc1 (12. Qxd5 Be6 13. Qd2 h6 14.
Be3 (14. Bf4 Rfd8 15. Qc2 Rac8 $36) 14... Bxe3 15. Qxe3 Qxb2 16. Rfb1 Qf6 17.
Nd2 Bf5 18. Ne4 Bxe4 19. Qxe4 Rad8 $10 {Barbero,G-Dlugy,M Mendoza 1985}) 12...
d4 (12... h6 $2 13. Qxd5 $16) (12... Be6 13. Qc2 Be7 14. Bxe7 (14. Rfd1 $5)
14... Nxe7 15. Qc7 Nc6 16. Qxb6 axb6 17. a3 Ra4 18. Rfd1 b5 19. Ng5 $14 {
Van der Sterren-Brunner,L Munich 1990}) 13. Qc2 (13. Nd2 h6 14. Nc4 (14. Ne4 $1
{Lautier}) 14... Qa6 15. Bf4 Qxa2 16. Ne5 Bb6 17. Nxc6 bxc6 18. Bxc6 Bh3 19.
Bxa8 Bxf1 20. Kxf1 Rxa8 $10 {Van derSterren,P-Vaganian,R Tel Apel 1992}) (13.
Nd2 Re8 14. Nb3 Bf8 15. Re1 h6 16. Bf4 Bg4 $132 {Polgar,Zsu-Lautier,J Polaniza
Zdroj 1991}) 13... Bd6 14. Nd2 Be6 15. Nc4 Bxc4 16. Qxc4 h6 17. Bd2 Qxb2 18.
Rfd1 {N} (18. Bxc6 Rac8 $1 19. Rb1 Qxd2 20. Rxb7 Rc7 21. Rxc7 Bxc7 22. Be4 Bb6
$10 {Andersson,U-Lautier,J Biel 1991}) 18... Qb6 19. Qa4 (19. Bxc6 Rac8 20. Qd5
Rxc6 21. Rxc6 Qxc6 22. Qxd4 Bc5 23. Qc3 $10) (19. Rb1 $5 Qc7 20. Rdc1 Rfc8 (
20... Rac8 21. Qb5 Rb8 22. a4 $44) 21. Qb5 Rab8 22. Be4 $44) 19... Rac8 20.
Bxc6 Rxc6 (20... bxc6 21. Rb1 Qc5 22. Bb4 Qc4 23. Rdc1 Qd5 24. Bxd6 Qxd6 $10)
21. Ba5 Qa6 22. Rxc6 bxc6 23. Rxd4 Bc5 24. Rc4 (24. Rc4 Bb6 25. Bxb6 Qxa4 26.
Rxa4 axb6 $10) 1/2-1/2

[Event "Brussels"]
[Site "Brussels"]
[Date "1987.04.15"]
[Round "5"]
[White "Timman, Jan H"]
[Black "Kortschnoj, Viktor Lvovich"]
[Result "1-0"]
[WhiteElo "2590"]
[BlackElo "2625"]
[Annotator "Timman,J"]
[PlyCount "59"]
[EventDate "1987.04.10"]
[EventType "tourn"]
[EventRounds "11"]
[EventCountry "BEL"]
[EventCategory "14"]
[SourceTitle "CBM 002"]
[Source "ChessBase"]
[SourceDate "1988.02.01"]
[SourceVersion "1"]
[SourceVersionDate "1988.02.01"]
[SourceQuality "1"]

1. e4 e6 2. d4 d5 3. Nc3 Nf6 4. e5 Nfd7 5. f4 c5 6. Nf3 Nc6 7. Be3 Qb6 8. Na4
Qa5+ 9. c3 cxd4 10. b4 Nxb4 11. cxb4 Bxb4+ 12. Bd2 Bxd2+ 13. Nxd2 b6 14. Bd3 $5
Ba6 (14... Nc5 $143 15. Nxc5 bxc5 16. O-O g6 (16... c4 17. Bxc4 $16) (16... O-O
17. Bxh7+ Kxh7 18. Qh5+ Kg8 19. Nf3 f6 20. Ng5 $1 $18) 17. Rc1 Qb6 {
Liberzon-Czerniak / Israel 1975} 18. Qa4+ Bd7 19. Qa3 Rc8 20. Ba6) 15. Nb2 $1
Bxd3 $6 (15... Nc5 16. Bxa6 Qxa6 17. Qe2 $1 (17. Nb3 Qa3 (17... O-O $1 18. Nxd4
Qa3 $1 $132) 18. Nxc5 bxc5 19. Qa4+) 17... Qa3 (17... d3 18. Qe3 $1 Qa3 19. Qd4
$16 {[%cal Ye1g1]}) 18. Qb5+ Ke7 19. O-O) 16. Nxd3 Nc5 17. Nf2 Na4 (17... Ne4
18. Nfxe4 dxe4 19. O-O (19. Qc2 $143 O-O 20. Qxe4 Rac8 $132) 19... Qd5 20. Re1
e3 21. Nf3 Rd8 22. Qd3 $16) 18. O-O Nc3 19. Qg4 O-O 20. Nf3 Rac8 21. Qh4 (21.
f5 $5 exf5 22. Qxf5 Rc6) 21... Qa4 22. Ng4 Ne2+ 23. Kh1 Qc2 24. Rae1 d3 $1 25.
Rd1 $1 (25. Nf6+ gxf6 26. exf6 Kh8 (26... d2 $2 27. Rxe2 d1=Q 28. Qg5+ Qg6 29.
Rxd1 $18) 27. Ng5 (27. Qh6 Rg8 28. Ng5 (28. Ne5 Rc7) 28... Rxg5 29. fxg5 Rg8
$13) 27... d2 28. Qh6 Qg6 $17) (25. f5 d2 26. Nf6+ gxf6 27. exf6 Kh8 28. Ng5 $2
Qxf5 29. Rxf5 dxe1=Q+ 30. Qxe1 exf5 $19) 25... h6 (25... Nxf4 26. Nf6+ $40) 26.
Nxh6+ (26. f5 $143 exf5 (26... Rc4 27. f6 Nf4) 27. Ne3 $18) 26... gxh6 27. Qxh6
f6 28. exf6 Rc7 29. Ne5 (29. Qg6+ $142 Kh8 30. Ne5 $18) 29... Rh7 (29... Ng3+
30. hxg3 Rh7 31. f7+ Rfxf7 32. Nxf7 d2 33. f5 exf5 34. Qxh7+ Kxh7 35. Ng5+ $18
{[%cal Yg5f3]}) 30. Qg6+ (30. Qg6+ Kh8 31. f7) 1-0

[Event "Beersheba"]
[Site "Beersheba"]
[Date "1992.??.??"]
[Round "10"]
[White "Alterman, Boris"]
[Black "Kortschnoj, Viktor Lvovich"]
[Result "1-0"]
[WhiteElo "2515"]
[BlackElo "2585"]
[Annotator "Dautov,R"]
[PlyCount "109"]
[EventDate "1992.03.??"]
[EventType "schev"]
[EventRounds "3"]
[EventCountry "ISR"]
[SourceTitle "CBM 030"]
[Source "ChessBase"]
[SourceDate "1992.10.01"]
[SourceVersion "1"]
[SourceVersionDate "1992.10.01"]
[SourceQuality "1"]

1. d4 Nf6 2. c4 e6 3. Nf3 b6 4. g3 Bb7 5. Bg2 Be7 6. Nc3 Ne4 7. Bd2 f5 8. d5
Na6 $2 (8... Bf6 9. Qc2 Qe7 10. Rd1 Na6 11. O-O Nb4 12. Qb3 a5 13. Nb5 O-O 14.
Nxc7 Rac8 15. a3 Nc5 16. Bxb4 Rxc7 17. Bxc5 Qxc5 18. Ne1 $16 {Magerramov,
E-Marinelli,T Budapest Spring op 1990}) (8... Bf6 9. Qc2 Nd6 10. Bf4 Qe7 11.
Bxd6 Qxd6 12. O-O Na6 13. Rad1 O-O-O 14. dxe6 Qxe6 15. Nd5 $14 {ECO}) 9. dxe6
dxe6 10. Qa4+ Qd7 (10... c6 11. Nxe4 fxe4 12. Ne5 Nc5 13. Qc2 Qc7 14. Ng4 $16)
11. Qxd7+ Kxd7 12. Nxe4 Bxe4 13. Ne5+ Kc8 14. Bxe4 fxe4 15. O-O-O $16 Kb7 16.
Be3 Rhd8 17. a3 Rxd1+ 18. Rxd1 Re8 (18... Rd8 19. Rxd8 Bxd8 20. h4 Bf6 21. Bf4
Nc5 22. Kd2 $16 {><e4}) 19. Kc2 Bf6 20. Ng4 Kc8 21. Nxf6 gxf6 22. g4 $1 Nb8 (
22... Rd8 23. Rg1 $1 $16 Rg8 24. h4 Kd7 25. g5 e5 26. Rd1+ Ke6 27. gxf6 Kxf6
28. Rd7 Rg7 $2 29. Bg5+ Kg6 30. h5+ $18) 23. Rd4 f5 24. gxf5 exf5 25. Rd5 Rf8
26. Kc3 (26. b4 Nc6 27. Bg5 $16) 26... Nc6 27. Bg5 a5 28. b4 axb4+ 29. axb4 Nb8
30. Re5 (30. b5 Nd7 31. Kd4 Rf7 32. Ke3 Nf8 33. Rd8+ Kb7 $16) 30... Nc6 31. Rd5
(31. Re6 Kd7 32. Rh6 Rf7) 31... Nb8 32. h4 $1 Kb7 (32... Nc6 33. b5 Nb8 34. Kd4
Nd7 35. Ke3 Nc5 36. Be7 $18) 33. b5 Rf7 34. Re5 $1 Nd7 35. Re7 $1 Rxe7 36. Bxe7
Ne5 37. Kd4 Ng4 38. f3 exf3 39. exf3 Nh2 40. Ke3 Nf1+ 41. Kf4 Nd2 42. Bb4 Nxc4
43. Kxf5 c5 44. bxc6+ Kxc6 45. Ke6 Ne3 46. Bd2 (46. f4 $2 Ng2 47. f5 Nxh4 48.
f6 Ng6 49. f7 Kb5 50. Bd6 Kc4 51. Kf6 Kd5 $10) 46... Ng2 (46... Nc4 47. Bc1 b5
48. f4 b4 49. f5 $18) 47. h5 b5 48. h6 (48. f4 $2 b4 49. f5 b3 50. Bc3 Nf4+ $10
) 48... Nh4 (48... Kc5 49. f4 b4 50. f5 b3 51. Bc3 Nf4+ 52. Kf7 Nd5 53. Ba1 Ne3
54. f6 Ng4 55. Kg7 $18) 49. f4 Nf3 50. Bc3 Kc5 51. Kf7 (51. f5 $2 b4 52. Bb2
Nd4+ 53. Ke5 Nc6+ $10) 51... Kc4 52. Bb2 Kd5 53. f5 b4 54. f6 Ng5+ 55. Ke7 1-0

[Event "Biel"]
[Site "Biel"]
[Date "1992.??.??"]
[Round "10"]
[White "Kortschnoj, Viktor Lvovich"]
[Black "Karpov, Anatoly"]
[Result "0-1"]
[WhiteElo "2575"]
[BlackElo "2715"]
[Annotator "Ftacnik,L"]
[PlyCount "112"]
[EventDate "1992.07.??"]
[EventType "tourn"]
[EventRounds "14"]
[EventCountry "SUI"]
[EventCategory "16"]
[SourceTitle "CBM 031"]
[Source "ChessBase"]
[SourceDate "1992.12.01"]
[SourceVersion "1"]
[SourceVersionDate "1992.12.01"]
[SourceQuality "1"]

1. d4 Nf6 2. c4 e6 3. Nc3 Bb4 4. Qc2 O-O 5. a3 Bxc3+ 6. Qxc3 b6 7. Nf3 Bb7 8.
g3 d6 9. Bg2 Nbd7 10. O-O a5 11. b3 Qe7 12. Bb2 Rfe8 13. Rfe1 Be4 (13... c5 $5)
14. Bf1 c5 15. Nd2 cxd4 16. Qxd4 e5 17. Qc3 Rac8 (17... Bb7 18. e4 $14) 18.
Nxe4 Nxe4 19. Qe3 Nef6 20. Rac1 (20. Bg2 a4 $1 $10) 20... Qe6 21. Red1 d5 22.
cxd5 Nxd5 23. Qd3 N5f6 24. b4 axb4 25. axb4 h5 26. Bg2 h4 27. e4 $14 hxg3 28.
hxg3 Rxc1 29. Bxc1 Ra8 30. Be3 Ra2 31. Qc3 Kh7 32. Rd2 Ra8 (32... Rxd2 33. Qxd2
$14) 33. Qc1 Ra4 34. Qc3 Qg4 $2 (34... Ra8 $14) 35. Rd6 $1 b5 36. Qe1 $1 Nf8
37. f3 Qc8 38. Bf1 Ra3 39. Rd3 (39. Bxb5 Qb8 40. Rb6 Qa7 $132) 39... Ra2 40.
Rd2 Ra3 41. Bxb5 Ne6 42. Bf1 g5 43. Rd3 Ra4 44. g4 (44. b5 g4 $132) 44... Qb8
45. Rb3 Nd4 46. Bxd4 (46. Bxg5 Nxb3 (46... Kg6 47. Qh4 Ng8 $13) 47. Qh4+ Nh5 $3
(47... Kg8 48. Bxf6 $18) 48. Qxh5+ Kg8 49. Bf6 $140 Qb6+ $19) 46... exd4 47. e5
Nd7 48. f4 (48. e6 fxe6 49. Qe4+ Kg7 50. Qxd4+ Kg8 51. Rb2 $1 (51. Qxd7 Qg3+
52. Kh1 Qh4+ 53. Kg1 Qg3+ $10) 51... Ne5 52. Qe3 $1 $16) 48... Qb6 $1 (48...
gxf4 49. Qh4+ Kg8 50. Qg5+ Kf8 51. Rh3 Qxe5 (51... Ke8 52. Rh8+ Nf8 53. Qh6
Qxb4 (53... Ke7 54. Qf6+ Ke8 55. Rxf8+ Kxf8 56. Qh8+ $18) 54. Bb5+ $1 $18) 52.
Qd8+ Kg7 53. Qh8+ Kg6 54. Qh6#) 49. Bd3+ Kg8 50. f5 (50. e6 fxe6 51. Qe4 $14)
50... Ra2 (50... Nc5 51. e6 $1) 51. e6 (51. Rb1 $5) 51... Qd6 $1 52. Be2 Ne5
53. Qc1 Rxe2 54. Qxg5+ Kf8 55. Qh6+ Ke8 56. Ra3 $2 (56. Qh8+ Qf8 (56... Ke7 57.
Qh4+ f6 58. Qh7+ Kd8 59. Ra3 $1) 57. exf7+ $132) 56... Re1+ {Ftacnik,L} (56...
Re1+ 57. Kg2 (57. Kf2 Nxg4+) 57... Qd5+ 58. Kg3 Rg1+ $19) 0-1

[Event "Moscow ol (Men)"]
[Site "Moscow"]
[Date "1994.12.08"]
[Round "7.1"]
[White "Kortschnoj, Viktor Lvovich"]
[Black "Jussupow, Artur"]
[Result "1/2-1/2"]
[WhiteElo "2615"]
[BlackElo "2655"]
[Annotator "Dautov,R"]
[PlyCount "41"]
[EventDate "1994.12.01"]
[EventType "team-swiss"]
[EventRounds "14"]
[EventCountry "RUS"]
[SourceTitle "CBM 045"]
[Source "ChessBase"]
[SourceDate "1995.04.01"]
[SourceVersion "1"]
[SourceVersionDate "1995.04.01"]
[SourceQuality "1"]
[WhiteTeam "Switzerland"]
[BlackTeam "Germany"]
[WhiteTeamCountry "SUI"]
[BlackTeamCountry "GER"]

1. c4 e5 2. Nc3 d6 3. g3 g6 4. d4 Nd7 5. Nf3 Bg7 6. Bg2 Ngf6 7. O-O O-O 8. e4
exd4 9. Nxd4 Re8 10. Bf4 $6 {N} (10. h3) 10... Nc5 11. f3 (11. Re1 Ng4 $1 12.
h3 Ne5 13. Bf1 Ned3 14. Bxd3 Bxd4 $36) 11... c6 {/\d5} 12. Nb3 (12. b4 Ne6 13.
Be3 Qb6 14. Nc2 Qa6 15. Qd3 (15. b5 Qa5 16. Qd3 Ng4 $36) 15... d5 $1 $132)
12... Nxb3 13. axb3 d5 14. cxd5 cxd5 15. exd5 (15. Nxd5 Nxd5 16. exd5 Bxb2 $10)
15... b5 16. b4 (16. d6 Bb7 $1 (16... b4 17. Nd5 Nxd5 18. Qxd5 Qb6+ 19. Kh1 Be6
20. Qd2 $14) (16... Nh5 17. Bc1 Qb6+ 18. Kh1 Bb7 (18... Rd8 19. Qe2 $13) 19. g4
Nf6 20. Bf4 b4 21. Na4 Qb5 $44 {/\Nd5}) 17. g4 b4 18. Na4 Nd5 19. Qd2 Qf6 $1
20. Bg3 Qd4+ 21. Qxd4 Bxd4+ $36) 16... Bb7 $10 17. Bg5 h6 18. Bxf6 Bxf6 19. f4
Qb6+ 20. Kh1 Rad8 21. Qd3 (21. Qd2 Be7 (21... a6 22. Rfe1 Qd4 23. Qxd4 Bxd4 24.
Rxe8+ Rxe8 25. Rd1 $14) 22. Na2 Rd7 23. Rad1 Red8 $10) (21. Qd3 Re3 22. Qxb5
Qxb5 23. Nxb5 Bxd5 24. Rad1 (24. Bxd5 $6 Rxd5 25. Nxa7 Rd2 26. Rfd1 Rxb2 27.
Rab1 $2 (27. Re1) 27... Ra2 28. Nc6 Ree2 $17) 24... Bxg2+ 25. Kxg2 Rxd1 26.
Rxd1 Re2+ 27. Kh3 Rxb2 28. Nxa7 Rxb4 $10) 1/2-1/2

[Event "Beersheba"]
[Site "Beersheba"]
[Date "1990.??.??"]
[Round "2"]
[White "Kortschnoj, Viktor Lvovich"]
[Black "Smyslov, Vassily V"]
[Result "1/2-1/2"]
[WhiteElo "2625"]
[BlackElo "2570"]
[Annotator "Ribli,Z"]
[PlyCount "36"]
[EventDate "1990.03.??"]
[EventType "tourn"]
[EventRounds "9"]
[EventCountry "ISR"]
[EventCategory "13"]
[SourceTitle "CBM 017"]
[Source "ChessBase"]
[SourceDate "1990.08.01"]
[SourceVersion "1"]
[SourceVersionDate "1990.08.01"]
[SourceQuality "1"]

1. c4 e5 2. g3 Nf6 3. Bg2 d6 4. Nc3 g6 5. d4 exd4 6. Qxd4 Bg7 (6... Nbd7 7. Nf3
Bg7 8. Qe3+ Qe7 9. Nb5 $5 Qxe3 10. Bxe3 Kd8 11. h3 a6 12. Nc3 Re8 $10 {
Christiansen,L-Ree/ Wijk aan Zee 1982}) 7. Qe3+ $1 Qe7 8. Qxe7+ (8. Nb5 $6 {
Kasparov} Na6 9. Nxa7 Be6 $1 10. Bxb7 Ng4 $1 11. Nc6 Nxe3 12. Nxe7 Nc2+ 13. Kd1
Nxa1 14. Bxa8 Kxe7 $19) 8... Kxe7 9. Nh3 $5 (9. b3 $1 $14 a5 (9... c6 {Kasparov
} 10. Ba3 Ne4 11. Nxe4 Bxa1 12. Bxd6+ Ke8 13. Ba3 $1 Be6 14. Nf3 Na6 15. O-O
Bg7 16. Rd1 c5 17. Nfg5 $16) 10. Bb2 c6 11. Na4 $1 Be6 12. Nf3 Nbd7 13. Nd4
Rhc8 14. O-O $16 {Kasparov,G-Short,N/ World Cup Barcelona 1989}) 9... Bxh3 $1
10. Bxh3 Na6 11. Bg2 c6 12. Rb1 Rhe8 13. O-O Nd7 14. Bg5+ f6 15. Bf4 Ne5 $11
16. b4 Rac8 $1 (16... Nxc4 $2 17. b5 $1 $14) 17. b5 Nc5 18. Rfc1 f5 1/2-1/2

[Event "Enghien les Bains 2nd"]
[Site "Enghien les Bains"]
[Date "1997.03.22"]
[Round "9"]
[White "Dorfman, Josif D"]
[Black "Kortschnoj, Viktor Lvovich"]
[Result "1/2-1/2"]
[WhiteElo "2585"]
[BlackElo "2635"]
[Annotator "Huzman,A"]
[PlyCount "46"]
[EventDate "1997.03.14"]
[EventType "tourn"]
[EventRounds "9"]
[EventCountry "FRA"]
[EventCategory "10"]
[SourceTitle "CBM 058"]
[Source "ChessBase"]
[SourceDate "1997.06.01"]
[SourceVersion "1"]
[SourceVersionDate "1997.06.01"]
[SourceQuality "1"]

1. d4 d5 2. c4 dxc4 3. e3 Nf6 4. Bxc4 e6 5. Nf3 c5 6. O-O a6 7. Bb3 Be7 (7...
Nc6 8. Qe2 cxd4 9. Rd1 Be7 10. exd4 {this var.leads to the game until10.exd4}
Na5 11. Bc2 b5 12. Nc3 Bb7 13. Bg5 O-O 14. Bxf6 (14. Ne5 g6 15. Bh6 Re8 16. a3
Nh5 17. b4 Nc6 $2 (17... Rc8 18. Ne4 Nc4 19. Nc5 Bd5 $13 {with Bg5 Dokhoian})
18. Be4 Qc7 19. Bxc6 Bxc6 20. Rac1 Qb7 21. Nxc6 Qxc6 22. d5 $16 {
Lerner-Dokhoian, Harkov 1985}) 14... Bxf6 15. Be4 Qe7 16. Bxb7 Nxb7 17. Ne4 Nd6
18. Rac1 Nxe4 $10 {Vaganian-Seirawan, Montpellier 1985}) 8. Qe2 cxd4 9. Rd1 O-O
10. Nc3 Nc6 11. exd4 Bd7 (11... Na5 $5 12. Bc2 b5) (11... Nb4 12. Ne5 Bd7 13.
Bg5 Bc6 14. Nxf7 Rxf7 15. Qxe6 Nfd5 16. a3 Bxg5 17. axb4 Qf6 18. Bxd5 Qxf2+ 19.
Kh1 Bxd5 20. Qxd5 Qf5 $10 {Agzamov-Velikov, Frunze 1985}) 12. Ne5 Be8 13. d5 (
13. Bg5 Nd5 14. Bxd5 Bxg5 15. Nxc6 Bxc6 16. Bxc6 bxc6 17. Ne4 $14) 13... Nxe5 (
13... exd5 14. Nxd5 Nxd5 15. Bxd5 (15. Rxd5 Qc7 16. Bf4 Bd6 17. Rad1 Bxe5 18.
Bxe5 Nxe5 19. Rxe5 Bb5 $11) 15... Qc7 16. Nxc6 Bxc6 17. Bxc6 bxc6 18. Be3 $14)
14. dxe6 (14. Qxe5 Bd6 (14... exd5 $2 15. Nxd5 Nxd5 16. Rxd5 $18) 15. Qd4 (15.
Qe2 Nxd5 16. Nxd5 exd5 17. Bxd5 Qc7 $11) 15... Qc7 16. Qh4 (16. dxe6 Bxh2+ 17.
Kh1 Be5 $11) 16... exd5 $11) 14... Qa5 (14... Bd6 15. Bf4 Qc7 16. Rxd6 Qxd6 17.
Bxe5 Qe7 18. Bxf6 $1 $18) (14... Qb6 15. Qxe5 Qxf2+ 16. Kxf2 Ng4+ 17. Kg3 Nxe5
18. Nd5 Bd6 19. Nf6+ $16) 15. Nd5 Nc6 16. Nxe7+ Nxe7 17. Bd2 (17. exf7+ Bxf7
18. Qxe7 Bxb3 (18... Rae8 $2 19. Bd2) 19. Bd2 Qb5 $11) 17... Qb6 (17... Qc5 $2
18. Rac1 Qd6 19. Bg5 $16) 18. exf7+ Bxf7 19. Qxe7 Bxb3 20. axb3 Qxb3 $11 21.
Qa3 Qxa3 22. bxa3 Rfd8 23. Ba5 Rd5 1/2-1/2